| 000 | 00924nmm a2200253 a 4500 | ||
|---|---|---|---|
| 001 | ocm0001411762 | ||
| 003 | TR-IsHL | ||
| 005 | 20201028164834.0 | ||
| 008 | 160220s2016 tu eng | ||
| 007 | cr cn | ||
| 020 | _a9786059654432 | ||
| 035 |
_a1411762 _b(N$T) |
||
| 050 | 0 | 4 |
_aBT320 _b.L54 2016 |
| 090 | 0 | 4 |
_aBT320 _b.L54 2016 |
| 245 | 1 | 0 |
_aThe life of our lord in simple language for little children _h[electronic resource] |
| 260 |
_aİstanbul : _be-Kitap Projesi & Cheapest Books, _c2016 |
||
| 300 | _a92 p. | ||
| 650 | 4 | _aFelsefe, Psikoloji ve Din | |
| 650 | 4 | _aPhilosophy, Psychology and Religion | |
| 650 | 0 |
_aİsa Mesih _x Çocukluk _x Çocuk edebiyatı |
|
| 650 | 0 |
_aJesus Christ _x Childhood _x Juvenile literature |
|
| 650 | 7 |
_aRELIGION / Biblical Studies / Bible Study Guides _2bisacsh |
|
| 856 | 4 | 0 | _uhttp://search.ebscohost.com/login.aspx?direct=true&scope=site&db=e011xww&AN=1411762 |
| 999 |
_c15720 _d15720 |
||